LIBRARY & INFORMATION CENTRE, KCAET, TAVANUR

ONLINE PUBLIC ACCESS CATALOGUE (OPAC)

Experiments in Hydraulics and Hydraulic Machines: Therory and Procedures (Record no. 14115)

MARC details
000 -LEADER
fixed length control field 00396nam a22001337a 4500
020 ## - INTERNATIONAL STANDARD BOOK NUMBER
ISBN 9788120341845
082 ## - DEWEY DECIMAL CLASSIFICATION NUMBER
Classification number 532
Item number SHE/EX
100 ## - MAIN ENTRY--AUTHOR NAME
Personal name Shesha Prakash M N
245 ## - TITLE STATEMENT
Title Experiments in Hydraulics and Hydraulic Machines: Therory and Procedures
260 ## - PUBLICATION, DISTRIBUTION, ETC. (IMPRINT)
Place of publication New Delhi
Name of publisher PHI Learning Private Ltd.
Year of publication 2011
300 ## - PHYSICAL DESCRIPTION
Number of Pages 145
Accompanying material CD Attached
650 ## - SUBJECT ADDED ENTRY--TOPICAL TERM
Topical Term Hydraulic Machines
942 ## - ADDED ENTRY ELEMENTS (KOHA)
Koha item type Books
Holdings
Withdrawn status Lost status Damaged status Collection code Home library Current library Shelving location Date acquired Source of acquisition Cost, normal purchase price Full call number Accession Number Koha item type
        KAUAET KAUAET General Stacks 30/03/2013 Aman Book Stall, Calicut 0.00 532 SHE/EX 24035 Books
free website counter